Three wild dogs (and the truth) : (Record no. 404655)
[ view plain ]
| 000 -LEADER | |
|---|---|
| fixed length control field | 02190nam a2200397 i 4500 |
| 001 - CONTROL NUMBER | |
| control field | in9029266975 |
| 005 - DATE AND TIME OF LATEST TRANSACTION | |
| control field | 20250220163926.0 |
| 008 - FIXED-LENGTH DATA ELEMENTS--GENERAL INFORMATION | |
| fixed length control field | 250106r20252024mauaf 000 0deng d |
| 020 ## - INTERNATIONAL STANDARD BOOK NUMBER | |
| International Standard Book Number | 9780063426078 |
| Qualifying information | (hardcover) |
| 035 ## - SYSTEM CONTROL NUMBER | |
| System control number | (OCoLC)1434026948 |
| 040 ## - CATALOGING SOURCE | |
| Original cataloging agency | TnLvILS |
| Language of cataloging | eng |
| Transcribing agency | TnLvILS |
| Description conventions | rda |
| Modifying agency | TnLvILS |
| 043 ## - GEOGRAPHIC AREA CODE | |
| Geographic area code | n-us--- |
| -- | n-us-ma |
| 092 ## - LOCALLY ASSIGNED DEWEY CALL NUMBER (OCLC) | |
| Classification number | general nonfiction |
| Item number | 92 Zusak, Markus |
| 100 1# - MAIN ENTRY--PERSONAL NAME | |
| Personal name | Zusak, Markus, |
| Relator term | author. |
| 9 (RLIN) | 494 |
| 245 10 - TITLE STATEMENT | |
| Title | Three wild dogs (and the truth) : |
| Remainder of title | a memoir / |
| Statement of responsibility, etc | Marcus Zusak. |
| 246 3# - VARYING FORM OF TITLE | |
| Title proper/short title | 3 wild dogs (and the truth) : |
| Remainder of title | a memoir. |
| 250 ## - EDITION STATEMENT | |
| Edition statement | First U.S. edition. |
| 264 #1 - Production, Publication, Distribution, Manufacture, and Copyright Notice. | |
| Place of production, publication, distribution, manufacture | New York, NY : |
| Name of producer, publisher, distributor, manufacturer | Harper, an imprint of HarperCollinsPublishers, |
| Date of production, publication, distribution, manufacture, or copyr | [2025] |
| 264 #4 - Production, Publication, Distribution, Manufacture, and Copyright Notice. | |
| Date of production, publication, distribution, manufacture, or copyr | ©2024. |
| 300 ## - PHYSICAL DESCRIPTION | |
| Extent | 223 pages, 12 unnumbered leaves of plates : |
| Other physical details | illustrations ; |
| Dimensions | 24 cm. |
| 336 ## - Content Type | |
| Content type term | text |
| 336 ## - Content Type | |
| Content type term | still image |
| 337 ## - Media type | |
| Media type term | unmediated |
| 338 ## - Carrier type | |
| Carrier type term | volume |
| 500 ## - GENERAL NOTE | |
| General note | "Originally published in Australia in 2024 by Pan Macmillan Australia Pty Ltd."--Copyright page. |
| 520 ## - SUMMARY, ETC. | |
| Summary, etc | "What happens when the Zusak family opens their home to three big, wild, street-hardened dogs--Reuben, more wolf than hound; Archer, blond, beautiful, destructive; and the rancorously smiling Frosty, who walks like a rolling thunderstorm? The answer can only be chaos: there are street fights, park fights, public shamings, property damages, injuries, hospital visits, wellness checks, pure comedy, shocking tragedy, and carnage that must be read to be believed. ... [This is a] memoir about the human need for both connection and disorder, a love letter to the animals who bring hilarity and beauty--but also the visceral truth of the natural world--straight to our doors and into our lives and change us forever"-- |
| 600 30 - SUBJECT ADDED ENTRY--PERSONAL NAME | |
| Personal name | Zusak family. |
| 9 (RLIN) | 6539180 |
| 600 10 - SUBJECT ADDED ENTRY--PERSONAL NAME | |
| Personal name | Zusak, Markus. |
| 9 (RLIN) | 494 |
| 650 #0 - SUBJECT ADDED ENTRY--TOPICAL TERM | |
| Topical term or geographic name as entry element | Feral dogs |
| Form subdivision | Anecdotes. |
| 9 (RLIN) | 6539181 |
| 650 #0 - SUBJECT ADDED ENTRY--TOPICAL TERM | |
| Topical term or geographic name as entry element | Dogs |
| Form subdivision | Anecdotes. |
| 9 (RLIN) | 5714706 |
| 650 #0 - SUBJECT ADDED ENTRY--TOPICAL TERM | |
| Topical term or geographic name as entry element | Dogs |
| General subdivision | Behavior |
| Form subdivision | Anecdotes. |
| 9 (RLIN) | 6530984 |
| 650 #0 - SUBJECT ADDED ENTRY--TOPICAL TERM | |
| Topical term or geographic name as entry element | Pets |
| Form subdivision | Anecdotes. |
| 9 (RLIN) | 6380541 |
| 650 #0 - SUBJECT ADDED ENTRY--TOPICAL TERM | |
| Topical term or geographic name as entry element | Euthanasia of animals |
| Form subdivision | Anecdotes. |
| 9 (RLIN) | 6539182 |
| 650 #0 - SUBJECT ADDED ENTRY--TOPICAL TERM | |
| Topical term or geographic name as entry element | Human-animal relationships. |
| 942 ## - ADDED ENTRY ELEMENTS (KOHA) | |
| Source of classification or shelving scheme | Dewey Decimal Classification |
| Koha item type | BOOK |
| Withdrawn status | Lost status | Source of classification or shelving scheme | Damaged status | Not for loan | Home library | Current library | Shelving location | Date acquired | Source of acquisition | Total Checkouts | Total Renewals | Full call number | Barcode | Date last seen | Date checked out | Cost, replacement price | Price effective from | Koha item type |
|---|---|---|---|---|---|---|---|---|---|---|---|---|---|---|---|---|---|---|
| Dewey Decimal Classification | Wasatch County Library | Wasatch County Library | Second Floor | 02/20/2025 | Micromarketing | 1 | 2 | 92 Zusak | 34301002110650 | 04/07/2025 | 02/27/2025 | 27.99 | 02/20/2025 | BOOK |
